[Event "Let's Play Chess!"]
[Site "http://www.queenalice.com/game.php?id=621358"]
[Date "2009.7.20"]
[Round "-"]
[White "magalhaes_br"]
[Black "rmartinez"]
[Result "1-0"]
[WhiteElo "1300"]
[BlackElo "1273"]

1. e4 e5 2. Nf3 Bd6 3. Nc3 Nf6 4. Bc4 Nc6 5. Ng5 O-O 6. d3 h6 7. Nf3 Bc5 8. Qe2
d6 9. Bd2 Bg4 10. h3 Nd4 11. Qd1 Bh5 12. Rg1 Nxf3+ 13. gxf3 Kh7 14. Qe2 c6 15.
Qf1 Bxf3 16. Rg3 Bh5 17. Qg2 Bg6 18. O-O-O Nh5 19. Rf3 Qe7 20. Be3 b5 21. Bb3 f5
22. exf5 Bxf5 23. h4 b4 24. Ne2 e4 25. Rf4 g6 26. d4 Nxf4 27. Nxf4 Bb6 28. h5 g5
29. Nh3 d5 30. f4 exf3 31. Qg3 Qxe3+ 32. Kb1 Rae8 33. Qd6 Qd2 34. a3 Qxd1+ 35.
Ka2 Re1 36. Bxd5 1-0

[Event "Challenge"]
[Site "http://www.queenalice.com/game.php?id=621443"]
[Date "2009.7.19"]
[Round "-"]
[White "rmartinez"]
[Black "koshnarek"]
[Result "1-0"]
[WhiteElo "1199"]
[BlackElo "1677"]

1. e4 e5 2. Bc4 Nf6 3. Nf3 Bd6 4. b3 Nxe4 5. Rf1 Ng5 6. Nxg5 Qxg5 7. Qf3 O-O 8.
g3 Nc6 9. c3 a6 10. h4 Qf6 11. Qxf6 gxf6 12. d3 b5 13. Bd5 h5 14. Bf3 b4 15.
Bxh5 bxc3 16. Nxc3 Bb4 17. Bb2 Nd4 18. Kd1 Bb7 19. Ne4 Bxe4 20. dxe4 c5 21. Be2
d5 22. exd5 Rfd8 23. Bc4 Nf5 24. Ke2 Kg7 25. Rh1 a5 26. a3 Nd4+ 27. Bxd4 cxd4
28. axb4 axb4 29. Rxa8 Rxa8 30. Kd3 Ra2 31. Ke4 Rxf2 32. Ra1 Kg6 33. d6 f5+ 34.
Kd5 Kf6 35. d7 Ke7 36. d8=Q+ Kxd8 37. Kd6 e4 38. Ra8# 1-0

[Event "Challenge"]
[Site "http://www.queenalice.com/game.php?id=622124"]
[Date "2009.7.20"]
[Round "-"]
[White "rmartinez"]
[Black "ydlok"]
[Result "0-1"]
[WhiteElo "1100"]
[BlackElo "1400"]

1. c4 e5 2. Nf3 Nc6 3. a4 Bc5 4. Nc3 Qf6 5. e4 d6 6. d3 Bg4 7. Nd5 Qd8 8. Qb3
Nd4 9. Qxb7 Rb8 10. Qxa7 Bxa7 11. Nxd4 Bxd4 12. f3 Be6 13. h4 Bxd5 14. cxd5 Bxb2
15. Bxb2 Rxb2 16. Rd1 c5 17. Be2 Qa5+ 18. Kf2 Qxa4 19. Rhe1 Qd4+ 20. Kf1 Nf6 21.
g4 Qe3 22. Rb1 Rxb1 23. Rxb1 O-O 24. Re1 Ra8 25. Bd1 Qxd3+ 26. Be2 Qd4 27. Rd1
Ra1 28. Rxa1 Qxa1+ 29. Kg2 Qe1 30. Ba6 Qxh4 31. Be2 g5 32. Bb5 Qe1 33. Bf1 Qd2+
34. Kg1 Qd1 35. Kf2 Nd7 36. Ba6 Nb6 37. Be2 Na4 38. Bxd1 Nc3 39. Bb3 Nb1 40. Ke2
Nc3+ 41. Kd2 Nb5 42. Kd3 Nd4 43. Bd1 f6 44. Kc3 h6 45. Kd3 Kf7 46. Kc3 Ke7 47.
Kc4 Kd7 48. Kd3 Kc7 49. Kc3 Kb6 50. Ba4 Nxf3 51. Bd7 Nh2 52. Kd3 Ka5 53. Kc3 Kb6
54. Kd3 Kc7 55. Be6 Kb6 56. Bd7 Ka5 57. Kc3 Nf3 58. Kb3 Nd2+ 0-1

[Event "UOL2"]
[Site "http://www.queenalice.com/game.php?id=629702"]
[Date "2009.8.3"]
[Round "1"]
[White "rmartinez"]
[Black "neoiron"]
[Result "1-0"]
[WhiteElo "1276"]
[BlackElo "1312"]

1. e4 Nf6 2. e5 Ng8 3. Nf3 Nc6 4. d4 Nb4 5. a3 Nd5 6. Bc4 Nb6 7. Bb3 e6 8. O-O
d5 9. Be3 Be7 10. Nc3 c6 11. Ng5 Nh6 12. Qh5 Qd7 13. Nxf7 Rf8 14. Nxh6+ g6 15.
Qg4 Bd8 16. Bg5 Bc7 17. Qh4 Rh8 18. Rfe1 Kf8 19. Bf6 Rg8 20. Qf4 g5 21. Bxg5+
Ke8 22. Nxg8 Qf7 23. Nf6+ Kf8 24. Nxh7+ Kg8 25. Nf6+ Kh8 26. Qh4+ Kg7 27. Qh6#
1-0

[Event "Challenge"]
[Site "http://www.queenalice.com/game.php?id=634512"]
[Date "2009.8.11"]
[Round "-"]
[White "koshnarek"]
[Black "rmartinez"]
[Result "0-1"]
[WhiteElo "1600"]
[BlackElo "1273"]

1. e4 e6 2. e5 Nc6 3. Nf3 d6 4. exd6 cxd6 5. d4 Nf6 6. Nc3 d5 7. Ne5 Bb4 8. Bd2
Nxd4 9. Nb5 Bc5 10. b4 a6 11. Nxd4 Bxd4 12. Nc6 bxc6 13. Rb1 a5 14. c3 Bxf2+ 15.
Kxf2 Ng4+ 16. Qxg4 Qf6+ 17. Ke1 axb4 18. cxb4 e5 19. Qf3 Bf5 20. Rc1 Rxa2 21.
Be2 Qh4+ 22. g3 Qd4 23. Qc3 Qe4 24. Kf2 d4 25. Qf3 Rxd2 26. Qxe4 Bxe4 27. Rhd1
Rb2 28. Ra1 O-O 29. Ra3 Rb8 30. Ke1 R2xb4 31. Bd3 Bxd3 32. Raxd3 c5 33. h4 c4
34. Ra3 c3 35. Rc1 Rb2 36. Kf1 g5 37. hxg5 Rh2 38. Ra5 Rh1+ 0-1

[Event "Desafio do Século"]
[Site "http://www.queenalice.com/game.php?id=634654"]
[Date "2009.8.11"]
[Round "-"]
[White "ydlok"]
[Black "rmartinez"]
[Result "1-0"]
[WhiteElo "1174"]
[BlackElo "1311"]

1. e4 e5 2. Bc4 Nf6 3. d3 a5 4. Bg5 h5 5. Bxf6 Qxf6 6. Qf3 Bb4+ 7. c3 Be7 8.
Qxf6 Bxf6 9. Nf3 Nc6 10. O-O b5 11. Bxb5 Bb7 12. Bxc6 Bxc6 13. d4 Bxe4 14. dxe5
Be7 15. Nd4 Rb8 16. b3 c5 17. Nd2 Bg5 18. Nxe4 Bf4 19. Nxc5 Bxe5 20. Rae1 O-O
21. Rxe5 d6 22. Rxh5 dxc5 23. Nf5 Rb7 24. Rg5 f6 25. Rg4 Rd7 26. Nh6+ Kh7 27.
Nf5 Kg8 28. c4 Re8 29. h3 Re2 30. a3 Ra2 31. a4 Rb7 32. Rd1 Rb2 33. Rd8+ Kh7 34.
Nd6 Re7 35. Nf5 Re1+ 36. Kh2 Rxb3 37. Rxg7# 1-0

[Event "Challenge"]
[Site "http://www.queenalice.com/game.php?id=636374"]
[Date "2009.8.14"]
[Round "-"]
[White "rmartinez"]
[Black "juliocd"]
[Result "1-0"]
[WhiteElo "1233"]
[BlackElo "1552"]

1. c4 d5 2. cxd5 Qxd5 3. Nc3 Qd8 4. Nf3 Nf6 5. d4 g6 6. e4 Bg4 7. Be2 Bxf3 8.
Bxf3 Bg7 9. e5 Nfd7 10. Bxb7 Nc6 11. Bxc6 Rc8 12. e6 fxe6 13. Bg5 O-O 14. Qe2 e5
15. dxe5 Bxe5 16. Rd1 Bd6 17. Qc4+ Rf7 18. Bd5 Ne5 19. Bxf7+ Nxf7 20. O-O Kf8
21. Ne4 h6 22. Be3 Qd7 23. Nc5 Qc6 24. Ne6+ Ke8 25. Qxc6# 1-0

[Event "super game"]
[Site "http://www.queenalice.com/game.php?id=670477"]
[Date "2009.10.21"]
[Round "-"]
[White "rmartinez"]
[Black "ydlok"]
[Result "1-0"]
[WhiteElo "1324"]
[BlackElo "1311"]

1. e3 e5 2. Bc4 d5 3. Bb3 c5 4. Nc3 c4 5. Ba4+ Bd7 6. Qh5 Bxa4 7. Qxe5+ Ne7 8.
Nxa4 Nc6 9. b3 Nxe5 10. Ne2 b5 11. Bb2 N7c6 12. f4 Ng4 13. Nc5 Bxc5 14. O-O-O
O-O 15. Rhf1 Nxh2 16. Rh1 Ng4 17. Rdf1 d4 18. f5 Bb4 19. Nxd4 Nxd4 20. Bxd4 Qd7
21. Rh4 1-0

[Event "Challenge"]
[Site "http://www.queenalice.com/game.php?id=678777"]
[Date "2009.11.6"]
[Round "-"]
[White "rmartinez"]
[Black "neoiron"]
[Result "0-1"]
[WhiteElo "1300"]
[BlackElo "1312"]

1. e4 Nf6 2. c3 Nc6 3. Bc4 Ne5 4. Bf1 e6 5. Nf3 Nxf3+ 6. gxf3 Bc5 7. d3 O-O 8.
Nd2 Ne8 9. Bh3 Qh4 10. Rg1 Qxf2# 0-1

[Event "UOL2"]
[Site "http://www.queenalice.com/game.php?id=695703"]
[Date "2009.12.10"]
[Round "2"]
[White "filipe"]
[Black "rmartinez"]
[Result "1-0"]
[WhiteElo "1733"]
[BlackElo "1353"]

1. e4 c6 2. d4 Nf6 3. e5 Nd5 4. Bd2 Qb6 5. Bc1 e6 6. Nf3 c5 7. Be2 cxd4 8. O-O
Nc6 9. Nbd2 Qc7 10. Nc4 f6 11. Nd6+ Bxd6 12. exd6 Qxd6 13. Nxd4 Qc5 14. Nxc6
bxc6 15. c4 1-0

[Event "AUTO-BEG-329"]
[Site "http://www.queenalice.com/game.php?id=696674"]
[Date "2009.12.12"]
[Round "2"]
[White "rmartinez"]
[Black "AnDante"]
[Result "1-0"]
[WhiteElo "1340"]
[BlackElo "1267"]

1. e4 e5 2. Nf3 f6 3. Nxe5 Bd6 4. Bc4 fxe5 5. Bxg8 Rxg8 6. Qh5+ g6 7. Qxh7 Kf8
8. d3 a5 9. Bh6+ Ke8 10. Qxg8+ Ke7 11. Bg5# 1-0

[Event "AUTO-BEG-329"]
[Site "http://www.queenalice.com/game.php?id=696675"]
[Date "2009.12.12"]
[Round "2"]
[White "AnDante"]
[Black "rmartinez"]
[Result "1-0"]
[WhiteElo "1247"]
[BlackElo "1351"]

1. d4 f5 2. Bf4 Nf6 3. f3 Nc6 4. c3 d6 5. e3 e5 6. Bg5 Be7 7. f4 Ng4 8. Bxe7
Qxe7 9. h3 Nxe3 10. Qe2 Qh4+ 11. Kd2 1-0